000 00600nam a2200133 4500
999 _c8352
_d8352
008 180125b xxu||||| |||| 00| 0 eng d
082 _aDPer 050 Dec 2015-Mar 2016 T48 v186-187
100 _925824
_aLuckerson, Victor.
245 _aSilicon Valley has competition:
_bstartups around the world are coming after services pioneered in the U.S. here are the names you'll hear in 2016/
_cVictor Luckerson.
260 _aNew York :
_bTime Inc.,
_c©Dec 2015-Mar 2016.
300 _av186 n27-28, page 68:
_billustrations;
_c27 cm.
650 0 _925825
_aBusiness enterprises
_xCompetition.
942 _2ddc
_cPER